[Event "Open "B""]
[Site "Schwarzach"]
[Date "1998.08.25"]
[Round "4.1"]
[White "Mooslechner, Peter"]
[Black "Mitteregger, Klaus"]
[Result "0-1"]
[WhiteElo "1866"]
[BlackElo "1739"]
[PlyCount "124"]
[EventDate "1998.08.30"]

1. e4 a6 2. d4 b5 3. a4 Bb7 4. Bd3 Nf6 5. Qe2 e6 6. Bg5 Be7 7. f4 Nc6 8. c3 b4
9. a5 h6 10. Bh4 bxc3 11. bxc3 d5 12. e5 Ne4 13. Bxe7 Nxe7 14. Nf3 Ng6 15. g3
c5 16. O-O O-O 17. Nfd2 Nxd2 18. Nxd2 c4 19. Bc2 Bc6 20. Qh5 Rb8 21. Bxg6 fxg6
22. Qxg6 Bd7 23. Rfb1 Qe7 24. Rb6 Rxb6 25. axb6 Be8 26. Qg4 Bb5 27. Nf3 Qf7 28.
Rf1 Rb8 29. Nh4 Rxb6 30. f5 Bd7 31. f6 g5 32. Nf3 Qg6 33. h4 Rb1 34. f7+ Kf8
35. Ne1 35... Rc1 {.} 36. hxg5 Qxg5 37. Qf3 Ba4 38. Ng2 Rxf1+ 39. Kxf1 Bc2 40.
Nf4 Bf5 41. Ke1 a5 42. Kd2 a4 43. Kc1 a3 44. Qf2 Qd8 45. g4 a2 46. Qxa2 Bxg4
47. Qg2 Bf5 48. Qh2 Qg5 49. Kb2 Kxf7 50. Nh5 Qd8 51. Qg3 Qb6+ 52. Kc1 Qb1+ 53.
Kd2 Qc2+ 54. Ke1 Qe4+ 55. Kf2 Qc2+ 56. Ke1 Qe4+ 57. Kf2 Qc2+ 58. Ke1 Qc1+ 59.
Ke2 Bd3+ 60. Kf3 Qd1+ 61. Kg2 Qxh5 62. Qf4+ Bf5 0-1

[Event "Open "B""]
[Site "Schwarzach"]
[Date "1998.08.25"]
[Round "4.2"]
[White "Zozin, Walter"]
[Black "Wingender, Hans-P"]
[Result "1/2-1/2"]
[WhiteElo "1778"]
[BlackElo "1851"]
[PlyCount "33"]
[EventDate "1998.08.30"]

1. Nf3 Nf6 2. c4 e6 3. g3 b6 4. Bg2 Bb7 5. Nc3 Be7 6. d3 O-O 7. O-O c5 8. e4 d6
9. b3 Nc6 10. Bb2 Ne8 11. d4 Bf6 12. dxc5 dxc5 13. Qxd8 Rxd8 14. Rad1 Nc7 15.
Rxd8 Rxd8 16. Rd1 Nd4 17. Kf1 {.} 1/2-1/2

[Event "Open "B""]
[Site "Schwarzach"]
[Date "1998.08.25"]
[Round "4.3"]
[White "Kinzlinger, Georg"]
[Black "Eder, Herbert"]
[Result "0-1"]
[WhiteElo "1769"]
[BlackElo "1780"]
[PlyCount "68"]
[EventDate "1998.08.30"]

1. e4 c5 2. Nf3 d6 3. d4 cxd4 4. Nxd4 Nf6 5. Nc3 a6 6. Be2 e6 7. Be3 Qc7 8. Qd2
b5 9. f3 Bb7 10. O-O Be7 11. Rac1 Nbd7 12. Bd3 Nb6 13. Nce2 d5 14. exd5 Nfxd5
15. Bf2 Nc4 16. Bxc4 Qxc4 17. b3 Qb4 18. c3 Qa5 19. b4 Qd8 20. Rc2 Rc8 21. Nb3
21... Rc4 $6 22. Nc5 (22. Na5 $1 $11) 22... Bc8 23. Ne4 (23. Rd1 $142) 23...
O-O 24. Rd1 24... Qc7 { } 25. Qc1 $2 (25. Bc5 $11) 25... Bxb4 $17 26. Bg3 Bc5+
27. Kh1 Qb6 28. Nxc5 Qxc5 29. Nd4 (29. Rd3) 29... Rxc3 $19 30. Rdd2 Bb7 31. Bf2
Qc4 32. Rxc3 Nxc3 33. Rc2 Rc8 34. Be1 Qf1# 0-1

[Event "Open "B""]
[Site "Schwarzach"]
[Date "1998.08.25"]
[Round "4.4"]
[White "Walkner, Karl"]
[Black "Voigt, Heinz"]
[Result "1-0"]
[WhiteElo "1884"]
[BlackElo "1704"]
[PlyCount "89"]
[EventDate "1998.08.30"]

1. e4 d6 2. d4 Nf6 3. Nc3 g6 4. Nf3 Bg7 5. h3 O-O (5... c5) 6. Be3 c6 7. Be2 b5
8. a3 Bb7 9. Nd2 Nbd7 10. O-O a6 11. f4 Qb6 12. Rf3 c5 13. d5 b4 (13... e6 $5)
14. Na4 Qc7 15. Bc4 a5 16. Qf1 Nb6 17. Nxb6 Qxb6 18. a4 Qc7 19. Bd3 Nd7 (19...
e6 $5) 20. Rb1 Rac8 21. Ba6 Bxa6 22. Qxa6 Bd4 23. Qe2 Bxe3+ (23... e6) 24. Rxe3
c4 25. Rg3 Nb6 26. b3 Qc5+ 27. Kh2 27... cxb3 $6 (27... c3 $5) (27... e6 $5)
28. cxb3 Qd4 (28... Rc7) 29. Nf3 Qc5 30. Ne1 Nd7 31. Rb2 Qd4 32. Rd2 Qb6 33. h4
Rc3 34. Rdd3 Rfc8 35. h5 35... Rxd3 $6 (35... Rc1) 36. Nxd3 Rc3 37. hxg6 fxg6
38. Qg4 Nf8 39. f5 Qd4 40. fxg6 40... Nxg6 $2 (40... hxg6 41. Nf4 Rxg3 42. Qxg3
42... Qxe4 $17) 41. Qe6+ { } 41... Kg7 $4 (41... Kf8 42. Rf3+ Ke8 43. Qg8+ $11)
42. Qxe7+ Kh8 43. Qd8+ Kg7 44. Nf4 Rxg3 45. Ne6+ 1-0

[Event "Open "B""]
[Site "Schwarzach"]
[Date "1998.08.25"]
[Round "4.5"]
[White "Seher, Karl-Heinz"]
[Black "Klinger, Josef Sen"]
[Result "1/2-1/2"]
[WhiteElo "1755"]
[BlackElo "1868"]
[PlyCount "82"]
[EventDate "1998.08.30"]

1. Nf3 Nc6 2. g3 e5 3. d3 d5 4. Bg2 Be7 5. Nbd2 f5 6. O-O Nf6 7. Ne1 O-O 8. c4
Be6 9. cxd5 Bxd5 10. Bxd5+ Qxd5 11. Qb3 Nd4 12. Qxd5+ Nxd5 13. e3 Ne2+ 14. Kg2
f4 15. e4 Nb4 16. a3 Nc6 17. Ndf3 g5 18. Ng1 Ncd4 19. Nxe2 Nxe2 20. Nf3 Bf6 21.
Re1 Nxc1 22. Raxc1 g4 23. Nd2 f3+ 24. Kg1 c6 25. Red1 Rfd8 26. Nf1 Bg5 27. Rc5
Re8 28. Nd2 Bxd2 29. Rxd2 Rad8 30. h4 Kf7 31. Kf1 Ke6 32. Ke1 Rd4 33. Rc4 Rd6
34. Kd1 Red8 35. Kc2 a5 36. b3 b6 37. Kc3 c5 38. Kc2 Kd7 39. a4 Kc6 40. Rc3 Kb7
41. Kb2 41... Kc6 {.} 1/2-1/2

[Event "Open "B""]
[Site "Schwarzach"]
[Date "1998.08.25"]
[Round "4.6"]
[White "Krasser, Reinhard"]
[Black "Voigt, Ingrid"]
[Result "0-1"]
[WhiteElo "1697"]
[BlackElo "1781"]
[PlyCount "74"]
[EventDate "1998.08.30"]

1. e4 e6 2. d4 d5 3. Nc3 Bb4 4. exd5 exd5 5. Bd3 Nf6 6. Bg5 c6 7. a3 Be7 8. Nf3
Bg4 9. h3 Bh5 10. Qd2 Bxf3 11. gxf3 Qb6 12. Be3 Nbd7 13. b3 Nh5 14. Rg1 O-O-O
15. b4 Bf6 16. Na4 Qc7 17. f4 Rde8 18. O-O-O g6 19. Kb1 Be7 20. c4 Ndf6 (20...
dxc4 21. Bxc4 b5 22. Bxb5 cxb5 23. Rc1 $16) 21. Nc3 dxc4 22. Bxc4 Bd6 23. d5
Bxf4 24. Bxf4 (24. dxc6 $5 24... bxc6 25. Rge1 $15) 24... Qxf4 25. Qxf4 Nxf4
26. dxc6 26... Nxh3 $17 27. cxb7+ Kxb7 28. Rg3 Nxf2 29. Rf1 N2e4 30. Nxe4 Nxe4
31. Bd5+ (31. Rxf7+ Kb6 32. Rg4 Nd6 33. Rf6 33... Kc7 $17) 31... Kb8 32. Bxe4
Rxe4 33. Rxf7 Rc4 34. Re3 Rc7 35. Ree7 Rxe7 36. Rxe7 h5 37. b5 h4 0-1

[Event "Open "B""]
[Site "Schwarzach"]
[Date "1998.08.25"]
[Round "4.7"]
[White "Steinkogler, Gustav"]
[Black "Junger, Gerald"]
[Result "0-1"]
[WhiteElo "1748"]
[BlackElo "1862"]
[PlyCount "68"]
[EventDate "1998.08.30"]

1. d4 Nf6 2. c4 g6 3. Nc3 Bg7 4. e4 d6 5. Bd3 O-O 6. Nge2 e5 7. d5 Nbd7 8. O-O
Nc5 9. h3 a5 10. a4 Nfd7 11. Be3 f5 12. exf5 gxf5 13. f3 Kh8 14. Bc2 Nb6 15. b3
Bd7 16. Qd2 Rg8 17. Kh1 Qh4 18. Bf2 Qh6 19. Qxh6 Bxh6 20. Rad1 Na6 21. Ng3 Raf8
22. Nge2 Nb4 23. Bb1 Rf6 24. Bxb6 cxb6 25. f4 e4 26. Kh2 Bg7 27. g3 Rh6 28. Nd4
Bf6 29. Nce2 Re8 30. Rf2 Na6 31. Rg2 Nc5 32. Bc2 Rg6 33. Kg1 Reg8 34. Kf2 34...
h5 {Rest unleserlich, im 56. Zug} 0-1

[Event "Open "B""]
[Site "Schwarzach"]
[Date "1998.08.25"]
[Round "4.8"]
[White "Binder, Franz"]
[Black "Windhofer, Johann"]
[Result "0-1"]
[WhiteElo "1719"]
[BlackElo "1859"]
[PlyCount "114"]
[EventDate "1998.08.30"]

1. e4 c5 2. Nf3 Nc6 3. d4 cxd4 4. Nxd4 Nf6 5. Nc3 d6 6. Be2 g6 7. Be3 Bg7 8.
O-O O-O 9. a3 a5 10. Qd2 Bd7 11. f4 Nxd4 12. Bxd4 Bc6 13. Bf3 Qc7 14. Qe3 b5
15. e5 dxe5 16. Bxe5 Qb7 17. Rad1 Rad8 18. Bxc6 Qxc6 19. Rxd8 Rxd8 20. Qa7 Ng4
21. Bxg7 Rd2 22. Rf3 Kxg7 23. h3 Nf6 24. Qxa5 Rxc2 25. Qxb5 Rxc3 26. Qxc6 Rxc6
27. b4 Rc4 28. b5 Nd5 29. f5 g5 30. Kf2 Kf8 31. Rd3 Rf4+ 32. Kg3 Rxf5 33. a4
Nb6 34. Rd8+ Kg7 35. a5 Rxb5 36. axb6 Rxb6 37. Rd7 e6 38. Rd3 h5 39. Kf3 f5 40.
Rd7+ Kf6 41. Rd3 Rb4 42. g4 hxg4+ 43. hxg4 Rxg4 44. Ra3 Rh4 45. Kg3 f4+ 46. Kg2
e5 47. Ra6+ Kf5 48. Ra8 e4 49. Ra5+ Kg4 50. Re5 e3 51. Re8 f3+ 52. Kg1 Kg3 53.
Rxe3 Ra4 54. Kf1 Ra1+ 55. Re1 Rxe1+ 56. Kxe1 Kg2 57. Kd2 57... f2 {.} 0-1

[Event "Open "B""]
[Site "Schwarzach"]
[Date "1998.08.25"]
[Round "4.9"]
[White "Aigner, Matthias"]
[Black "Delmarko, Dietmar"]
[Result "1-0"]
[WhiteElo "1847"]
[BlackElo "1702"]
[PlyCount "109"]
[EventDate "1998.08.30"]

1. d4 d5 2. Nf3 Nf6 3. Bg5 e6 4. e3 Be7 5. Bd3 O-O 6. Nbd2 b6 7. Ne5 Bb7 8. O-O
c5 9. c3 c4 10. Bc2 b5 11. Bxf6 Bxf6 12. f4 g6 13. Ndf3 Bg7 14. Qe1 f6 15. Ng4
Qe8 16. Qg3 Nc6 17. h4 h5 18. Ngh2 Ne7 19. Qe1 Qf7 20. g4 hxg4 21. Nxg4 Nf5 22.
Kg2 Nd6 23. Qg3 Ne4 24. Bxe4 dxe4 25. Nd2 Qc7 26. Rh1 Kf7 27. Rag1 Rh8 28. Kf2
Rag8 29. Ke2 Bf8 30. Nf2 f5 31. Nh3 Rh5 32. Ng5+ Kf6 33. Qe1 a5 34. Nf1 Rgh8
35. Rh3 b4 36. Rgh1 Bc6 37. Ng3 R5h6 38. h5 Qg7 39. Qd1 Qd7 40. Qf1 bxc3 41.
bxc3 Qb7 42. Qc1 Bd6 43. hxg6 Rxh3 44. Rxh3 Rxh3 45. Nxh3 Kxg6 46. Kf2 Be8 47.
Qg1 Kf6 48. Nh5+ Ke7 49. Qg7+ Bf7 50. Qf6+ Ke8 51. Ng7+ Kf8 52. Nxe6+ Ke8 53.
Qh8+ Kd7 54. Nf8+ Kc6 55. Qh6 {.} 1-0

[Event "Open "B""]
[Site "Schwarzach"]
[Date "1998.08.25"]
[Round "4.10"]
[White "Mueller, Michael"]
[Black "Heise, Stefan"]
[Result "1/2-1/2"]
[WhiteElo "1715"]
[BlackElo "1812"]
[PlyCount "41"]
[EventDate "1998.08.30"]

1. e4 d5 2. exd5 Qxd5 3. Nc3 Qa5 4. d4 c6 5. Nf3 Bf5 6. Bd3 Bxd3 7. Qxd3 Nf6 8.
O-O e6 9. Bf4 Be7 10. Rfe1 O-O 11. Ne4 Nbd7 12. c3 Nxe4 13. Qxe4 Nf6 14. Qc2
Rad8 15. Ne5 c5 16. dxc5 Qxc5 17. Rad1 Rxd1 18. Rxd1 Nh5 19. Nd7 Qc6 20. Ne5
Qc5 21. Nd7 { } (21. Nd7 Qc6 22. Nxf8 Bxf8 (22... f5 23. Nxe6 $18) (22... Nxf4
23. Qxh7+ $18 23... Kxf8 24. Qh8#)) 1/2-1/2

[Event "Open "B""]
[Site "Schwarzach"]
[Date "1998.08.26"]
[Round "5.1"]
[White "Eder, Herbert"]
[Black "Mitteregger, Klaus"]
[Result "1-0"]
[WhiteElo "1780"]
[BlackElo "1739"]
[PlyCount "85"]
[EventDate "1998.08.30"]

1. e4 b6 2. d4 Bb7 3. Bd3 e6 4. Nf3 Nf6 5. Qe2 Be7 6. O-O O-O 7. h3 c5 8. c3
cxd4 9. cxd4 Nc6 10. Nc3 Rc8 11. Re1 d6 12. Be3 Nb4 13. Bb1 Ba6 14. Qd1 Bb7 15.
a3 Nc6 16. Qc2 g6 17. Qe2 Nh5 18. Ba2 { } 18... Bf6 19. d5 exd5 20. Nxd5 Ne7
21. Bh6 Bg7 22. Bg5 Bxd5 23. Bxd5 Nf6 24. Ba2 Rc5 25. Rad1 Qc7 26. e5 dxe5 27.
Nxe5 Rc2 28. Rd2 Rxd2 29. Qxd2 Ne4 30. Rxe4 Bxe5 31. Bxe7 Qxe7 32. Qd5 Re8 33.
f4 Bd4+ 34. Rxd4 Qc7 35. Qd7 Qc1+ 36. Kh2 Rf8 37. Rd2 h5 38. Rf2 Qe1 39. Qd2
Qe4 40. Re2 Qb7 41. Qd3 Qc7 42. Qxg6+ Kh8 43. Qxh5+ 1-0

[Event "Open "B""]
[Site "Schwarzach"]
[Date "1998.08.26"]
[Round "5.2"]
[White "Wingender, Hans-P"]
[Black "Walkner, Karl"]
[Result "1/2-1/2"]
[WhiteElo "1851"]
[BlackElo "1884"]
[PlyCount "28"]
[EventDate "1998.08.30"]

1. d4 d5 2. Nf3 Nf6 3. Bf4 e6 4. e3 Bd6 5. Bxd6 Qxd6 6. Nbd2 Nbd7 7. c4 c5 8.
cxd5 exd5 9. dxc5 Nxc5 10. Be2 O-O 11. O-O Rd8 12. Nd4 Bd7 13. b4 Ne6 14. a3
14... Nxd4 {.} 1/2-1/2

[Event "Open "B""]
[Site "Schwarzach"]
[Date "1998.08.26"]
[Round "5.3"]
[White "Voigt, Ingrid"]
[Black "Zozin, Walter"]
[Result "1/2-1/2"]
[WhiteElo "1781"]
[BlackElo "1778"]
[PlyCount "100"]
[EventDate "1998.08.30"]

1. e4 g6 2. d4 Bg7 3. Nf3 d6 4. h3 e6 5. Bg5 Ne7 6. Be2 h6 7. Be3 b6 8. Nbd2
O-O 9. c3 Nd7 10. Qc2 Bb7 11. Bd3 Kh7 12. O-O-O a5 13. g4 c5 14. Rhf1 cxd4 15.
Nxd4 Nc5 16. Be2 e5 17. Nb5 Ba6 18. Nb3 Bxb5 19. Bxb5 Qc7 20. Nxc5 bxc5 21. c4
Nc6 22. Ba4 Rfb8 23. b3 g5 24. Qd2 Nd4 25. f3 Qb6 26. Rf2 Qb4 27. Qxb4 axb4 28.
Kb2 Rb6 29. Rh1 Ra7 30. h4 Kg6 31. h5+ Kh7 32. Kb1 Ne6 33. Rd1 Bf8 34. Rfd2 Kg7
35. Rf1 Kf6 36. Rfd1 Ke7 37. Rf1 f6 38. Rfd1 Kf7 39. Rf1 Be7 40. Rfd1 Nc7 41.
Rf1 Rba6 42. Rfd1 Ra8 43. Bf2 Rb8 44. Bg1 Ke6 45. Bf2 Na8 46. Bb5 Ra5 47. Bc6
Nb6 48. Bb5 Ra3 49. Bg1 Ra5 50. Bf2 Nc8 1/2-1/2

[Event "Open "B""]
[Site "Schwarzach"]
[Date "1998.08.26"]
[Round "5.4"]
[White "Klinger, Josef Sen"]
[Black "Kinzlinger, Georg"]
[Result "1/2-1/2"]
[WhiteElo "1868"]
[BlackElo "1769"]
[PlyCount "50"]
[EventDate "1998.08.30"]

1. e4 d5 2. e5 d4 3. d3 c5 4. c4 Nc6 5. f4 g6 6. Nd2 f5 7. Ngf3 Qa5 8. Be2 e6
9. h3 Be7 10. O-O Nh6 11. Nh2 Bd7 12. Ndf3 Nf7 13. a3 O-O 14. Rf2 a6 15. Bd2
Qc7 16. Rb1 Rfb8 17. g3 Qd8 18. Rg2 b5 19. Qc2 b4 20. a4 Qc7 21. Kh1 Kg7 22. g4
Rh8 23. Rbg1 Rag8 24. Be1 Qd8 25. h4 Kf8 1/2-1/2

[Event "Open "B""]
[Site "Schwarzach"]
[Date "1998.08.26"]
[Round "5.5"]
[White "Stadlober, Gerold"]
[Black "Mooslechner, Peter"]
[Result "1-0"]
[WhiteElo "1802"]
[BlackElo "1866"]
[PlyCount "113"]
[EventDate "1998.08.30"]

1. e4 c5 2. Nf3 Nc6 3. d4 cxd4 4. Nxd4 Nf6 5. Nc3 e6 6. g3 Bb4 7. Bg2 O-O 8.
O-O Bxc3 9. bxc3 d5 10. Bg5 dxe4 11. Bxe4 e5 12. Bxf6 Qxf6 13. Nxc6 bxc6 14.
Qe2 Bh3 15. Qh5 Qh6 16. Qxh6 gxh6 17. Rfd1 Rfd8 18. Bxc6 Rab8 19. Bd5 Kg7 20.
Bb3 Rdc8 21. Rd3 Rb6 22. Re1 e4 23. Rd4 Rxc3 24. Rdxe4 Bf5 25. Re7 Rf6 26. Rxa7
Bxc2 27. Rc1 Rfc6 28. Bxf7 Kf6 29. Bd5 Rd6 30. Bb3 Bxb3 31. Rxc3 Rd1+ 32. Kg2
Bd5+ 33. Kh3 Rg1 34. f3 Be6+ 35. g4 h5 36. Ra5 hxg4+ 37. fxg4 Rxg4 38. Rf3+ Ke7
39. Ra7+ Ke8 40. Ra8+ Ke7 41. Ra7+ Ke8 42. Rfa3 Kf8 43. Rf3+ Ke8 44. Raa3 Rg1+
45. Kh4 Rg4+ 46. Kh5 Rg2 47. h3 Bxa2 48. Ra8+ Ke7 49. Ra7+ Ke6 50. Rxh7 Bb1 51.
Rh6+ Ke7 52. Rb3 Ba2 53. Rb7+ Kf8 54. Rf6+ Ke8 55. Ra6 Bf7+ 56. Kh6 Kf8 57. Rf6
{.} 1-0

[Event "Open "B""]
[Site "Schwarzach"]
[Date "1998.08.26"]
[Round "5.7"]
[White "Windhofer, Johann"]
[Black "Hagenauer, Wilhelm"]
[Result "1-0"]
[WhiteElo "1859"]
[BlackElo "1750"]
[PlyCount "79"]
[EventDate "1998.08.30"]

1. d4 b6 2. c4 Bb7 3. Nc3 e6 4. e4 Bb4 5. Bd3 Nf6 6. Qc2 Nc6 7. Nf3 Be7 8. a3
h6 9. e5 Ng4 10. h3 Nxd4 11. Nxd4 Bxg2 12. hxg4 Bxh1 13. Be3 Bg5 14. f4 Bh4+
15. Bf2 Bxf2+ 16. Qxf2 Bb7 17. O-O-O a6 18. Be4 Bxe4 19. Nxe4 Qe7 20. Qg2 O-O
21. Rh1 d5 22. g5 dxe4 23. Rxh6 Qc5 24. Rh1 Rfd8 25. Qh2 Qxc4+ 26. Nc2 Kf8 27.
Qh8+ Ke7 28. Qxg7 Rf8 29. g6 Kd7 30. Rd1+ Kc6 31. gxf7 e3 32. Kb1 Qe4 33. Rc1
Kb7 34. Qf6 { } 34... Qh7 35. Qxe6 Rxf7 36. Qd5+ Ka7 37. Ka1 e2 38. Nb4 Rd7 39.
Nc6+ Kb7 40. Nd8+ 1-0

[Event "Open "B""]
[Site "Schwarzach"]
[Date "1998.08.26"]
[Round "5.9"]
[White "Heise, Stefan"]
[Black "Otto, Klaus"]
[Result "1/2-1/2"]
[WhiteElo "1812"]
[BlackElo "1664"]
[PlyCount "54"]
[EventDate "1998.08.30"]

1. d4 Nf6 2. Nf3 g6 3. c4 Bg7 4. g3 O-O 5. Bg2 d6 6. O-O Nbd7 7. Nc3 e5 8. e4
exd4 9. Nxd4 Rb8 10. h3 Nc5 11. Be3 Re8 12. Qc2 a6 13. b4 Ne6 14. Rad1 Nxd4 15.
Bxd4 Nd7 16. Bxg7 Kxg7 17. Nd5 Kg8 18. Ne3 Qf6 19. f4 c6 20. Ng4 Qe7 21. Qd2 c5
22. a3 Nb6 23. Qxd6 Bxg4 24. hxg4 Nxc4 25. Qxe7 Rxe7 26. Rd3 cxb4 27. axb4
27... Kf8 {.} 1/2-1/2

[Event "Open "B""]
[Site "Schwarzach"]
[Date "1998.08.26"]
[Round "5.10"]
[White "Loeb, Walter"]
[Black "Buchholz, Karl"]
[Result "1/2-1/2"]
[WhiteElo "1693"]
[BlackElo "1798"]
[PlyCount "64"]
[EventDate "1998.08.30"]

1. e4 c5 2. b4 e6 3. bxc5 Bxc5 4. d4 Bb6 5. Nf3 d6 6. Bd3 Ne7 7. O-O Nbc6 8.
Bb2 O-O 9. Re1 Ng6 10. Nbd2 Nf4 11. Nf1 Bd7 12. Ng3 Rc8 13. Bf1 Na5 14. Bc1 Ng6
15. Rb1 Ba4 16. Bd3 Nc6 17. Bd2 Nxd4 18. Nxd4 Bxd4 19. Rb4 Qf6 20. Kh1 Bc6 21.
f4 Bc5 22. e5 dxe5 23. fxe5 Qf2 24. Ne4 Bxe4 25. Rbxe4 Be7 26. Rf1 Qb6 27. Qh5
f5 28. exf6 Rxf6 29. Rxf6 Bxf6 30. Re1 Qf2 31. Qg4 Nf8 32. Bb4 Qh4 1/2-1/2

[Event "Open "B""]
[Site "Schwarzach"]
[Date "1998.08.27"]
[Round "6.1"]
[White "Walkner, Karl"]
[Black "Eder, Herbert"]
[Result "1-0"]
[WhiteElo "1884"]
[BlackElo "1780"]
[PlyCount "99"]
[EventDate "1998.08.30"]

1. e4 c5 2. Nf3 d6 3. d4 cxd4 4. Nxd4 Nf6 5. Nc3 a6 6. Be2 Qc7 7. O-O e6 8. Re1
Be7 9. Be3 b5 10. a3 Bb7 11. f3 Nbd7 12. Bf2 Nb6 13. Rc1 O-O 14. Nb3 Nc4 15.
Bxc4 bxc4 16. Nd4 Rfd8 17. Qe2 d5 18. e5 Nd7 19. f4 Nf8 20. Qg4 Bc8 21. h4 Rb8
22. Rb1 { } 22... Qa5 23. Nc6 Qc7 24. Nxd8 Qxd8 25. Ne2 Qa5 26. c3 Qa4 27. Nd4
Qd7 28. h5 Qe8 29. Bh4 Bc5 30. Bf6 g6 31. Qg5 Nd7 32. hxg6 fxg6 33. g4 Nxf6 34.
exf6 Qf7 35. Qe5 Rb6 36. Kg2 Bd6 37. Qe3 Bc5 38. g5 Bb7 39. Qh3 Bc8 40. Qe3 Bd7
41. Qd2 Bc8 42. Qe2 Qd7 43. Qg4 Kf7 44. Nf3 Qa4 45. Ne5+ Kf8 46. Qe2 Bd6 47.
Qf2 Qa5 48. Qh4 Rb7 49. Qh6+ Ke8 50. f7+ {.} 1-0

[Event "Open "B""]
[Site "Schwarzach"]
[Date "1998.08.27"]
[Round "6.2"]
[White "Stadlober, Gerold"]
[Black "Junger, Gerald"]
[Result "1/2-1/2"]
[WhiteElo "1802"]
[BlackElo "1862"]
[PlyCount "43"]
[EventDate "1998.08.30"]

1. e4 d5 2. exd5 Qxd5 3. Nf3 Nf6 4. d4 c6 5. c4 Qa5+ 6. Nc3 Bf5 7. Bd3 Bg4 8.
O-O Nbd7 9. h3 Bh5 10. Bf4 e6 11. Re1 Be7 12. d5 cxd5 13. Nb5 O-O 14. Bc7 Qb4
15. a3 Qc5 16. b4 Qc6 17. cxd5 Qxd5 18. Bf4 Bxf3 19. gxf3 Qh5 20. Kh2 Nd5 21.
Bg3 h6 22. Nd6 {im 31. Zug} 1/2-1/2

[Event "Open "B""]
[Site "Schwarzach"]
[Date "1998.08.27"]
[Round "6.3"]
[White "Zozin, Walter"]
[Black "Windhofer, Johann"]
[Result "1-0"]
[WhiteElo "1778"]
[BlackElo "1859"]
[PlyCount "72"]
[EventDate "1998.08.30"]

1. f4 d5 2. Nf3 Nf6 3. e3 g6 4. b3 Bg7 5. Bb2 c5 6. Bb5+ Bd7 7. Qe2 a6 8. Bxd7+
Nbxd7 9. d3 O-O 10. O-O b5 11. Nbd2 Qb6 12. h3 Nh5 13. Rfb1 Bxb2 14. Rxb2 f5
15. c4 dxc4 16. dxc4 Qf6 17. Nf1 Nb6 18. Rd1 bxc4 19. Ne5 Rfd8 20. Rxd8+ Rxd8
21. Nxc4 Nxc4 22. Qxc4+ Kf8 23. Rb1 Qd6 24. Rc1 Qd3 25. Qxd3 Rxd3 26. Rxc5 Rd1
27. Kf2 Nf6 28. Ke2 Rb1 29. Rc2 Ne4 30. Nd2 Nxd2 31. Rxd2 Rg1 32. Kd3 Ke8 33.
Re2 Kd7 34. e4 Rd1+ 35. Ke3 fxe4 36. Rd2+ 36... Kc6 {...} 1-0

[Event "Open "B""]
[Site "Schwarzach"]
[Date "1998.08.27"]
[Round "6.4"]
[White "Mitteregger, Klaus"]
[Black "Wingender, Hans-P"]
[Result "0-1"]
[WhiteElo "1739"]
[BlackElo "1851"]
[PlyCount "66"]
[EventDate "1998.08.30"]

1. c3 Nf6 2. d4 e6 3. Bf4 d5 4. e3 Bd6 5. Bg3 O-O 6. Nd2 c5 7. Bd3 Nc6 8. Ngf3
cxd4 9. exd4 Re8 10. Ne5 Qc7 11. Ndf3 Ne4 12. Qc2 f5 13. O-O-O Bd7 14. Bf4 Rac8
15. g4 Qa5 16. a3 Nxe5 17. Bxe4 fxe4 18. Nxe5 Ba4 19. Qe2 Bxd1 20. Rxd1 Bxa3
21. Bd2 Bd6 22. f4 Bxe5 23. fxe5 Rc4 24. Kb1 Ra4 25. Bc1 Qa6 26. Qg2 Ra1+ 27.
Kc2 Qa4+ 28. Kd2 Rf8 29. Rf1 e3+ 30. Kxe3 Rxf1 31. Qxf1 Qc2 32. Qb5 Qxc1+ 33.
Kf2 33... Qg1+ {.} 0-1

[Event "Open "B""]
[Site "Schwarzach"]
[Date "1998.08.27"]
[Round "6.5"]
[White "Aigner, Matthias"]
[Black "Voigt, Ingrid"]
[Result "1-0"]
[WhiteElo "1847"]
[BlackElo "1781"]
[PlyCount "87"]
[EventDate "1998.08.30"]

1. d4 e6 2. Nf3 d5 3. Bg5 Nf6 4. e3 c5 5. c3 Nc6 6. Bd3 c4 7. Bc2 Be7 8. Nbd2
b5 9. Ne5 Nxe5 10. dxe5 Nd7 11. Bf4 Qc7 12. Nf3 Bb7 13. O-O O-O 14. h4 h6 15.
g4 d4 16. cxd4 Bxf3 17. Qxf3 Bxh4 18. Qh3 Qd8 19. Kg2 g5 20. Bg3 Kg7 21. Rh1
Nb6 22. Bxh4 gxh4 23. Qxh4 Qxh4 24. Rxh4 Nd5 25. g5 Rh8 26. gxh6+ Rxh6 27. Rxh6
Kxh6 28. Rh1+ Kg7 29. Be4 a5 30. Kf3 b4 31. Bxd5 exd5 32. e4 Rc8 33. exd5 c3
34. bxc3 Rxc3+ 35. Ke4 Kf8 36. e6 Rc2 37. f4 Re2+ 38. Kf5 fxe6+ 39. Kf6 Kg8 40.
dxe6 a4 41. e7 b3 42. axb3 axb3 43. Rb1 b2 44. Rxb2 {.} 1-0

[Event "Open "B""]
[Site "Schwarzach"]
[Date "1998.08.27"]
[Round "6.6"]
[White "Otto, Klaus"]
[Black "Klinger, Josef sen."]
[Result "0-1"]
[WhiteElo "1664"]
[BlackElo "1868"]
[PlyCount "64"]
[EventDate "1998.08.30"]

1. e4 Nf6 2. Nc3 d5 3. exd5 Nxd5 4. Nxd5 Qxd5 5. Nf3 c5 6. b3 a6 7. c4 Qe4+ 8.
Qe2 Bf5 9. Qxe4 Bxe4 10. Be2 Nc6 11. O-O Rd8 12. Re1 f6 13. Bd1 Bd3 14. Bc2 Nb4
15. Bxd3 Rxd3 16. Re2 e5 17. a3 Nc6 18. Re3 Rd7 19. Bb2 g6 20. Bc3 Bg7 21. Rd1
Kf7 22. Kf1 Rb8 23. Ne1 b5 24. cxb5 Rxb5 25. Rb1 Rdb7 26. Ba1 Na5 27. b4 Bf8
28. Nc2 Nc4 29. Rd3 cxb4 30. axb4 a5 31. Bc3 axb4 32. Ba1 b3 0-1

[Event "Open "B""]
[Site "Schwarzach"]
[Date "1998.08.27"]
[Round "6.7"]
[White "Kinzlinger, Georg"]
[Black "Voigt, Heinz"]
[Result "1-0"]
[WhiteElo "1769"]
[BlackElo "1704"]
[PlyCount "157"]
[EventDate "1998.08.30"]

1. e4 d6 2. d4 Nf6 3. Bd3 g6 4. Nf3 Bg7 5. c3 b6 6. Bg5 Bb7 7. Nbd2 h6 8. Bh4
Nbd7 9. Qe2 e5 10. dxe5 dxe5 11. Bb5 c6 12. Ba4 Qc7 13. O-O-O O-O-O 14. Bb3 Nc5
15. Bc2 Ba6 16. c4 Ne6 17. Bg3 Nh5 18. Qe3 Nhf4 19. Qa3 Ne2+ 20. Kb1 Bb7 21.
Qxa7 Nxg3 22. hxg3 Bf8 23. Nb3 Bd6 24. a4 Nc5 25. Nfd2 Na6 26. f3 c5 27. Nf1
Nb4 28. Ne3 Nc6 29. Nd5 Nxa7 30. Nxc7 Kxc7 31. g4 Nc6 32. Nd2 Nd4 33. b3 Be7
34. Kb2 Bg5 35. Nb1 Ne6 36. Nc3 Nf4 37. g3 Ng2 38. Nd5+ Bxd5 39. cxd5 Kd6 40.
Bd3 Be3 41. Bb5 Bd4+ 42. Kb1 Ne3 43. Rd2 f5 44. gxf5 gxf5 45. Rdh2 fxe4 46.
fxe4 Ng4 47. Rh4 Rdg8 48. Be2 Nf6 49. Rxh6 Rxh6 50. Rxh6 Ke7 51. g4 Nxe4 52.
Kc2 Nf6 53. d6+ Kf7 54. Bc4+ Kg7 55. Rxf6 Kxf6 56. Bxg8 e4 57. Bd5 Kg5 58. Bxe4
Kxg4 59. Kd3 Bf6 60. Kc4 Kf4 61. Kd5 Bd8 62. Bh7 Ke3 63. Kc6 Kd4 64. Kd7 Bg5
65. Kc8 c4 66. b4 c3 67. d7 Kc4 68. b5 Kb4 69. Bc2 Ka3 70. d8=Q Bxd8 71. Kxd8
Kb2 72. Be4 Kb3 73. a5 bxa5 74. b6 c2 75. Bxc2+ Kxc2 76. b7 Kb3 77. b8=Q+ Ka3
78. Qb1 a4 79. Qa1+ {.} 1-0

[Event "Open "B""]
[Site "Schwarzach"]
[Date "1998.08.27"]
[Round "6.8"]
[White "Krasser, Reinhard"]
[Black "Berti, Rudolf"]
[Result "1/2-1/2"]
[WhiteElo "1697"]
[BlackElo "1788"]
[PlyCount "91"]
[EventDate "1998.08.30"]

1. d4 e6 2. Nf3 Nf6 3. e3 b6 4. Bd3 Bb7 5. O-O c5 6. c3 Qc7 7. Nbd2 Be7 8. e4
d6 9. Qe2 Nbd7 10. b3 O-O 11. Bb2 Rfe8 12. Rac1 a5 13. a4 Nh5 14. g3 Nhf6 15.
h3 h6 16. Rfe1 Nh7 17. e5 dxe5 18. dxe5 Bg5 19. Rcd1 Bxd2 20. Rxd2 Bxf3 21.
Bxh7+ Kxh7 22. Qd3+ Kg8 23. Qxd7 Qxd7 24. Rxd7 Red8 25. Rd6 Rxd6 26. exd6 Rd8
27. b4 Rxd6 28. bxc5 bxc5 29. c4 Bc6 30. Bc3 Bxa4 31. Bxa5 Rd4 32. Rc1 Re4 33.
Bb6 Re5 34. Bc7 Rh5 35. Kg2 e5 36. Re1 f6 37. Bd6 Bd7 38. h4 Be6 39. f4 Bxc4
40. fxe5 Rxe5 41. Rxe5 fxe5 42. Bxe5 Bd3 43. Kf2 g6 44. Ke3 c4 45. Kd2 Kf7 46.
Bc7 {.} 1/2-1/2

[Event "Open "B""]
[Site "Schwarzach"]
[Date "1998.08.27"]
[Round "6.9"]
[White "Mooslechner, Peter"]
[Black "Mueller, Michael"]
[Result "1-0"]
[WhiteElo "1866"]
[BlackElo "1715"]
[PlyCount "69"]
[EventDate "1998.08.30"]

1. e4 c6 2. d4 d5 3. Nc3 dxe4 4. Nxe4 Nd7 5. Nf3 Ngf6 6. Bd3 Nxe4 7. Bxe4 Nf6
8. Bd3 e6 9. O-O Be7 10. Bg5 O-O 11. c3 Nd5 12. Bd2 Nf6 13. Qc2 c5 14. Rad1 Bd7
15. dxc5 Bxc5 16. Bg5 h6 17. Bxf6 Qxf6 18. Bh7+ Kh8 19. Rxd7 g6 20. Bxg6 fxg6
21. Rxb7 Rad8 22. Rd1 e5 23. Rbd7 Rxd7 24. Rxd7 Qe6 25. Rd1 g5 26. Rd2 g4 27.
Nh4 e4 28. Re2 Qf6 29. g3 Re8 30. b4 Bb6 31. Ng2 a5 32. a3 axb4 33. axb4 Rc8
34. Qxe4 Rxc3 35. Qe8+ {.} 1-0